00489nam a2200157Ia 4500008004100000040001900041041001200060082002800072100002100100245008800121260004100209300003200250650001500282651001800297700001600315131103s9999 xx 000 0 und d aLoreto College aEnglish a808.87/LEWbLCLIB/37892 aLewis, George Q. 4aThe Best jokes of the all time and how to tell themcGeorge Q. Lewis and Mark Wachs aBombaybJaico Publishing Housec1994 axiii,354 p.b ill.c 18 cm. aLiterature aJokes - Humor aWachs, Mark